| 000 | 01062nam a2200241Ia 4500 | ||
|---|---|---|---|
| 003 | Ost | ||
| 005 | 20260507075041.0 | ||
| 008 | 260507s9999||||xx |||||||||||||| ||und|| | ||
| 020 | _a232079957 | ||
| 040 | _cfsecg | ||
| 041 | _aara | ||
| 082 | _a330 | ||
| 100 |
_aعبيدات، ذوقان _eمؤلف |
||
| 245 | 0 |
_aالبحث العلمي : _bالبحث النوعي والبحث الكمي / _c ذوقان عبيدات |
|
| 260 |
_aعمان: _bدار الفكر للطباعة والنشر, _c2002 |
||
| 300 |
_a256 صفحة؛ _bإيضاحات ؛ _c25 سم |
||
| 504 | _aببلوغرافيا ص.254 | ||
| 520 | _aالعلم والبحث العلمي، أساسيات البحث العلمي، أدوات البحث العلمي في البحث الكمي، أساليب البحث الكمي، مقدمة في البحث النوعي، أساليب البحث النوعي، كتابة المراجع | ||
| 653 | _aالبحوث | ||
| 653 | _aطرق البحث | ||
| 700 |
_aأبو السميد، سهيلة _eمؤلف ثانوي |
||
| 942 | _cكتاب | ||
| 999 |
_c42509 _d42509 |
||